Music Quiz

Random Music or Clip Quiz

Songs by Drum Intro Quiz Stats

Quiz Updated Aug 11, 2016

Also try: Whistle Songs
Challenge
Share
Tweet
Score 0/50 Timer 17:00
4 Plays Today
Time Song % Correct
0:00-0:06We Will Rock You
97.5%
0:20-0:24Billie Jean
76.3%
0:06-0:12Walk This Way
72.3%
0:24-0:32My Sharona
61.6%
1:45-1:56Walkin' on Sunshine
55.8%
4:31-4:54Sympathy for the Devil
50.5%
0:32-0:42Superstition
49%
5:42-5:4820th Century Fox
48.7%
0:12-0:20Rock 'n' Roll
48.2%
1:26-1:35Wipeout
47%
2:56-3:05Low Rider
46.6%
1:01-1:07Dani California
46%
1:35-1:43Sunday Bloody Sunday
44%
4:22-4:31Song 2
43.4%
2:05-2:16Africa
41.4%
5:11-5:42Hot for Teacher
40.7%
1:56-2:02Come Out and Play (Keep em' Separated)
33.5%
0:53-1:01Take the Money and Run
32.5%
3:05-3:12When the Levee Breaks
29.5%
1:09-1:16Closer
29%
2:25-2:35Honky Tonk Woman
27.2%
4:17-4:22D'yer Mak'er
26.7%
3:26-3:33My Hero
26%
3:52-4:02Run to the Hills
24.1%
5:52-6:01Boys of Summer
24.1%
Time Song % Correct
5:48-5:52Beverly Hills
22.4%
2:35-2:4650 Ways to Leave Your Lover
22.2%
2:22-2:25Call Me
21.4%
4:02-4:08YYZ (It's Y Y Zed!)
19.2%
1:16-1:26Hella Good
18.8%
3:33-3:42We're An American Band
18.7%
1:07-1:09Moby Dick
18.2%
6:34-6:43Life's Been Good
17.9%
3:19-3:26Feeling This
14.6%
2:02-2:05First Date
14.4%
6:04-6:09Cherub Rock
14%
3:42-3:46Brick House
12.1%
4:08-4:17Know Your Enemy
11.3%
2:46-2:56Oxford Comma
10.1%
4:54-5:11Painkiller
10.1%
6:30-6:34Strutter
8.4%
0:42-0:53Rock 'n' Roll High School
7.8%
3:12-3:19Give Me Novocaine
6.4%
3:46-3:52Teenage Lobotomy
6%
6:01-6:04Lay Down
4%
6:04-6:14Motorbreath
3.4%
6:21-6:30Fireball
3%
6:14-6:21This Too Shall Pass
2.8%
2:16-2:22Armor & Sword
1.7%
1:43-1:45Warriors of Time
1.1%

You're not logged in!

Compare scores with friends on all Sporcle quizzes.
Sign Up with Email
OR
Log In

You Might Also Like...

Show Comments

Extras

Top Quizzes Today


Score Distribution

Your Account Isn't Verified!

In order to create a playlist on Sporcle, you need to verify the email address you used during registration. Go to your Sporcle Settings to finish the process.